000 00662nam a2200193 i 4500
001 58334
003 ES-MaACL
005 20251014063121.0
007 t|
008 031022s1949 sp ||||1| spa d
100 1 _aDuran i Ventosa, Lluís,
_d1870-1954
_946224
245 1 0 _aIntoxicación oriental de Occidente /
_cLuis Durán y Ventosa ; [la traducción del original catalán se debe a Eliseo Rodríguez de Rosa].
250 _a[1ª ed.].
260 _aBarcelona :
_bArgos,
_c[1949] (
_fJuan Jové)
300 _a232 p. ;
_c19 cm.
700 1 _aRodríguez de Rosa, Eliseo.
_998473
852 _aES-MaACL
_jB-7393
_bR.29329
999 _c58334
_d58334